000 00517nam a2200205Ia 4500
005 20250425162610.0
008 250425s9999 xx 000 0 und d
020 _a9780230576636
041 _aeng
082 _a621.437
100 _aSTONE, RICHARD
245 0 _aINTRODUCTION TO INTERNAL COMBUSTION ENGINES
250 _a4TH ED.
260 _aEstados Unidos
_bPALGRAVE MACMILLAN
_c2012
260 _aNEW YORK
300 _a494
650 _aMOTORES DE COMBUSTION INTERNA
942 _c01
010 _a88606
999 _c232533
_d232533